Celorezortný seminár pre pracovníkov technických kontrol výrobných organizácií rezortu FMEP

Enregistré dans:
Détails bibliographiques
Format: Livre
Langue:slovaque
Publié: Praha Dom techniky ČSVTS 1985
Tags: Ajouter un tag
Pas de tags, Soyez le premier à ajouter un tag!

MARC

LEADER 00000nam a2200000 4500
001 c111049
005 20041019155148.6
041 0 |a slo 
044 |a CZ 
245 1 0 |a Celorezortný seminár pre pracovníkov technických kontrol výrobných organizácií rezortu FMEP 
264 1 |a Praha  |b Dom techniky ČSVTS  |c 1985 
300 |a 93 s.